Song to Artist Click Quiz - Statistics

General Stats
  • This quiz has been taken 21 times
  • The average score is 16 of 21
Answer Stats
Hint Answer % Correct
Roar Katy Perry
100%
Shape of You Ed Sheeran
93%
Thriller Michael Jackson
93%
As it Was Harry Styles
87%
Bad Romance Lady Gaga
87%
Hello Adele
80%
Bad Guy Billie Eilish
80%
Havana Camila Cabello
80%
American Pie Don McLean
80%
Baby Justin Bieber
80%
Diamonds Rihanna
80%
7 Rings Ariana Grande
73%
Dear Future Husband Meghan Trainor
73%
Faded Alan Walker
67%
That's What I Like Bruno Mars
67%
Attention Charlie Puth
67%
Chandelier Sia
67%
Lover Taylor Swift
67%
Lush Life Zara Larsson
67%
Sunflower Post Malone
60%
All I Want Olivia Rodrigo
53%
No matching quizzes found
Score Distribution
Percent of People with Each Score
Percentile by Number Answered
Your Score History
You have not taken this quiz